Annual Administration Report।। - Vol -1 (Record no. 1218148)

MARC details
000 -LEADER
fixed length control field 00517nam a2200193Ia 4500
008 - FIXED-LENGTH DATA ELEMENTS--GENERAL INFORMATION
fixed length control field 151121s9999||||xx |||||||||||||| ||und||
082 ## - DEWEY DECIMAL CLASSIFICATION NUMBER
Classification number 334/
082 ## - DEWEY DECIMAL CLASSIFICATION NUMBER
Item number HNW-14476
100 ## - MAIN ENTRY--PERSONAL NAME
Personal name Publisher
245 ## - TITLE STATEMENT
Title Annual Administration Report।। - Vol -1
260 ## - PUBLICATION, DISTRIBUTION, ETC. (IMPRINT)
Name of publisher, distributor, etc Govt। Of Bombay।
260 ## - PUBLICATION, DISTRIBUTION, ETC. (IMPRINT)
Date of publication, distribution, etc --
300 ## - PHYSICAL DESCRIPTION
Extent 204
600 ## - SUBJECT ADDED ENTRY--PERSONAL NAME
Personal name Publisher
630 ## - SUBJECT ADDED ENTRY--UNIFORM TITLE
Uniform title Annual Administration Report।। - Vol -1
700 ## - ADDED ENTRY--PERSONAL NAME
Personal name Publisher
730 ## - ADDED ENTRY--UNIFORM TITLE
Uniform title Annual Administration Report।। - Vol -1
942 ## - ADDED ENTRY ELEMENTS (KOHA)
Koha item type Book
Holdings
Withdrawn status Lost status Damaged status Not for loan Home library Current library Date acquired Total Checkouts Full call number Barcode Date last seen Price effective from Koha item type
        Hirachand Nemchand Wachanalaya, Solapur Hirachand Nemchand Wachanalaya, Solapur 11/21/2015   HNW-14476 HNW-14476 11/21/2015 11/21/2015 Book